The Mammoth Book of twentieth-century ghost stories.

Uloženo v:
Podrobná bibliografie
Další autoři: Haining, Peter (Editor)
Médium: Kniha
Vydáno: New York, USA: Carroll & Graf Publishers, Inc., 1998.
Vydání:First Carroll & Graf edition 1998.
Edice:The Mammoth Book
Témata:
Tagy: Přidat tag
Žádné tagy, Buďte první, kdo vytvoří štítek k tomuto záznamu!

MARC

LEADER 00000nam a22000007a 4500
003 CL-VaPUC
005 20230330095043.0
008 230317t1998 ||||| |||| 00| 0 eng d
999 |c 440196  |d 440194 
020 |a 0-7867-0583-3 
040 |c Pontificia Universidad Católica de Valparaíso 
082 0 4 |2 21  |a 823 HAI 1998 
100 1 |a Haining, Peter  |e editor  |9 880785 
245 1 4 |a The Mammoth Book of twentieth-century ghost stories. 
250 |a First Carroll & Graf edition 1998. 
260 |a New York, USA:  |b Carroll & Graf Publishers, Inc.,  |c 1998. 
300 |a 482 páginas. 
490 0 |a The Mammoth Book 
500 |a c.1 Donación Literatura. Memo 3/2023. Educación 
505 |a ONE: The Golden Era: The Third Person/ Henry James The Presence by the Fire/ H.G. Wells How It Happened/ Sir Arthur Conan Doyle A Ghostly Duel/ Jack London The Hand/ Theodore Dreiser The Ghost of Down Hill/ Edgar Wallace Honeysuckle Cottage/ P.G. Wodehouse The Old Dark House/ J.B. Priestley Sophy Mason Comes Back/ E.M. Delafield In a Glass Darkly/ Agatha Christie TWO: The Phantom Army: The Bowmen/ Arthur Machen The Other Side of the Medal/ Stella Gibbons Three Lines of Old French/ A. Merritt The Lusitania Waits/ Alfred Noyes Vengeance Is Mine/ Algernon Blackwood We Are The Dead/ Henry Kuttner The Escort/ Daphne du Maurier The Elf in Algiers/ John Steinbeck The Mirror in Room 22/ James Hadley Chase Is There a Life Beyond The Gravy?/ Stevie Smith THREE: The Modern Tradition: Sloane Square/ Pamela Hansford Johnson The Leaf-Sweeper/ Muriel Spark At The Chalet Lartrec/ Winston Graham The Love of a Good Woman/ Willam Trevor The Haunting of Shawley Rectory/ Ruth Rendell Voices in the Coalbin/ Mary Higgins Clark A Good Sound Marriage/ Fay Weldon A Self-Possessed Woman/ Julian Barnes A Programmed Christmas Carol/ John Mortimer A Figment in Time/ Peter Haining 
583 |c 20230317  |k Catalogador Asistente 
650 0 0 |a Literatura estadounidense  |x Historias de fantasmas  |9 880895 
650 0 |a Literatura inglesa  |x Historias de fantasmas  |9 880896 
650 0 |a Cuentos norteamericanos  |x Fantasmas  |9 880898 
650 0 |a Cuentos ingleses  |x Fantasmas  |9 880899 
942 |2 ddc  |c BK 
952 |0 0  |1 0  |2 ddc  |4 0  |6 823_000000000000000_HAI_1998  |7 0  |8 A  |9 589129  |a FDOPOS  |b FDOPOS  |d 2023-03-17  |e Donación  |i 5656818  |o 823 HAI 1998  |p 5656818  |r 2025-01-22  |t 1  |w 2023-03-17  |y BK  |k DLH